Bước thăng trầm kỹ nữ = Splendeurs et misères des Courtisanes
Đã lưu trong:
| Hovedforfatter: | |
|---|---|
| Format: | Bog |
| Sprog: | Undetermined |
| Udgivet: |
Hà Nội
Văn Học
2002
|
| Fag: | |
| Tags: |
Tilføj Tag
Ingen Tags, Vær først til at tagge denne postø!
|
| Thư viện lưu trữ: | Trung tâm Học liệu Trường Đại học Cần Thơ |
|---|
| LEADER | 00583nam a2200181Ia 4500 | ||
|---|---|---|---|
| 001 | CTU_46952 | ||
| 008 | 210402s9999 xx 000 0 und d | ||
| 082 | |a 843.7 | ||
| 082 | |b B197b/T2 | ||
| 100 | |a Honoré de Balzac | ||
| 245 | 0 | |a Bước thăng trầm kỹ nữ | |
| 245 | 0 | |b = Splendeurs et misères des Courtisanes | |
| 245 | 0 | |c Honoré de Balzac; Dịch giả: Hoàng Hải | |
| 260 | |a Hà Nội | ||
| 260 | |b Văn Học | ||
| 260 | |c 2002 | ||
| 650 | |a french fiction - 19th century ( vietnamese ) | ||
| 980 | |a Trung tâm Học liệu Trường Đại học Cần Thơ | ||